000 01075nas a2200265 4500
001 BR9207922
003 BR-BrBNA
005 20231205093047.0
007 ta
008 230509b bl.|||p| |||| 00| 00por d
040 _aBR-BrBNA
_bpor
_cBiblioteca Nacional de Agricultura
041 _a(Pt)
072 _aL50; F60
110 1 _aInstituto de Tecnologia do Parana, Curitiba (Brasil)
_96267
111 1 _a18. Reuniao Anual da Sociedade Brasileira de Bioquimica e Biologia Molecular
_cCaxambu, MG (Brazil)
_d3-6 Mar 1989
245 1 _aPrograma e resumos da 18. Reuniao Anual da Sociedade Brasileira de Bioquimica e Biologia Molecular
246 1 _aProgram and abstracts of the 18. Annual Metting of Brazilian Society of Biochemistry and Molecular Biology
650 _aBIOQUIMICA ANIMAL
650 _aBIOQUIMICA VEGETAL
650 _aBIOLOGIA ANIMAL
650 _aBIOLOGIA VEGETAL
773 0 _tArquivos de Biologia e Tecnologia (Brazil)
_xISSN 0365-0979
_g(May 1989), v. 32(1) p. 1-308
_wBR9207922
909 _a202311
_bLúcia
_c55
_dLúcia Elande
942 _2AGRIS
_n0
_cANA
999 _c135961
_d135961